[Event "HCL-B281"]
[Site "www.playchess.de"]
[Date "2001.04.21"]
[Round "20"]
[White "DrJon"]
[Black "starcity"]
[WhiteElo "1552"]
[BlackElo "1200"]
[PlyCount "67"]
[Result "1-0"]

1.d4 {have a good game from cheyenne wyoming usa}  
d5 2.Nf3 Bf5 {your move.....}  3.Bf4 Nf6 4.h3 h6 
5.e3 e6 6.c4 c6 7.Qb3 b6 8.Nc3 Bd6 9.Bxd6 Qxd6 
10.Be2 O-O 11.O-O Nbd7 12.Nd2 {knights on the 
move}  Rfe8 13.Bf3 Bd3 14.Rfe1 Rab8 15.cxd5 cxd5 
16.Nxd5 exd5 17.Qxd3 Nh7 18.e4 Ng5 19.e5 Qc6 
20.Rec1 {rooks on the move}  Qb7 21.a3 Re6 22.Bg4 
Re7 23.Rc2 Ne6 24.Bxe6 fxe6 25.Rac1 Nf8 26.Nb1 
{good knights}  Nh7 27.Nc3 Rf8 28.Nb5 Qa6 29.R2c7 
Ref7 30.f4 {Have a good Easter Sunday holiday!}  
Rxc7 31.Rxc7 Rf7 32.Rxf7 {thanks for a good game}  
Qa5 {still some move}  33.Qg6 {ok, mate in 3}  
Qe1+ {Dr, you re good player}  34.Kh2 {you have 
played well too}  1-0

[Event "HCL-A129"]
[Site "www.playchess.de"]
[Date "2001.04.21"]
[Round "1"]
[White "pierrette"]
[Black "bondegnasker"]
[WhiteElo "1800"]
[BlackElo "1655"]
[PlyCount "55"]
[Result "1/2-1/2"]

1.c4 e5 2.Nc3 Nf6 3.g3 d5 4.cxd5 Nxd5 5.Bg2 Nb6 
6.d3 Be7 7.Nf3 Nc6 8.O-O a6 9.a3 g5 10.b4 g4 
11.Nd2 h5 12.Nc4 Be6 13.Bxc6+ bxc6 14.Nxe5 Qd4 
15.Bb2 Qxe5 16.Na4 Qb5 17.Nxb6 cxb6 18.Bxh8 f6 
19.Qd2 Kf7 20.Qh6 Rg8 21.Qh7+ Kf8 22.Rfc1 Qg5 
23.e4 Bd7 24.d4 Be8 25.Bxf6 Qxf6 26.e5 Qf3 27.Rce1 
Qf7 28.Qh6+ 1/2-1/2

[Event "HCL-C281"]
[Site "www.playchess.de"]
[Date "2001.04.21"]
[Round "8"]
[White "Jozef_De_Meye"]
[Black "Lukas"]
[WhiteElo "1278"]
[BlackElo "540"]
[PlyCount "92"]
[Result "0-1"]

1.d4 {Hello good luck !}  Nf6 {Good luck, too. 
Sorry, I don´t speak English...}  2.c4 g6 3.Nc3 d5 
4.e3 Bg7 5.Nf3 O-O 6.Bd3 Nc6 7.O-O Nb4 8.a3 Nxd3 
9.Qxd3 Bf5 10.Qe2 c6 11.cxd5 Nxd5 12.Nxd5 Qxd5 
13.b4 Bg4 14.Bb2 Bxf3 15.Qxf3 Qxf3 16.gxf3 Rfd8 
17.Rfd1 Rd5 18.e4 Rd7 19.Rd3 Rad8 20.Rad1 e5 21.d5 
cxd5 22.R3xd5 R7xd5 23.Rxd5 Rxd5 24.exd5 Kf8 25.d6 
f6 26.a4 Ke8 27.b5 Kd7 28.Ba3 Bf8 29.Kg2 Bxd6 
30.Bxd6 Kxd6 31.Kg3 f5 32.f4 e4 33.Kh4 Kc5 34.Kg5 
Kb4 35.Kh6 Kxa4 36.Kxh7 Kxb5 37.Kxg6 a5 38.h4 a4 
39.h5 a3 40.h6 a2 41.Kh7 a1Q {%}  42.Kg8 Qf6 
43.Kh7 Qf7+ 44.Kh8 Ka6 45.f3 e3 46.h7 
Qf8+ 0-1

[Event "HCL-C281"]
[Site "www.playchess.de"]
[Date "2001.04.21"]
[Round "9"]
[White "Lukas"]
[Black "Jasper_Hattink"]
[WhiteElo "540"]
[BlackElo "1050"]
[PlyCount "83"]
[Result "1-0"]

1.e4 e5 2.Nf3 Nc6 3.Bb5 Nf6 4.O-O Bc5 5.Nxe5 Nxe5 
6.d4 Nxe4 7.Re1 O-O 8.Rxe4 d5 9.Rxe5 c6 10.dxc5 
cxb5 11.Qxd5 Qxd5 12.Rxd5 Re8 13.Be3 Be6 14.Re5 
Rad8 15.Nd2 f6 16.Re4 Rd5 17.a4 bxa4 18.Raxa4 a6 
19.Red4 Rxc5 20.c4 Ra8 21.Rd6 Re5 22.Nf3 Re4 
23.Rb4 b5 24.Nd2 Re5 25.cxb5 axb5 26.f4 Rxe3 
27.Kf2 Re5 28.fxe5 fxe5 29.Rxe6 h6 30.Rxb5 Kh7 
31.Rexe5 Rg8 32.Ke3 Rf8 33.Re7 Rg8 34.Ne4 Kh8 
35.Kd4 Rf8 36.Ke5 Kh7 37.Rbb7 Rg8 38.Nf6+ Kh8 
39.Nxg8 Kxg8 40.Rexg7+ Kf8 41.Kf6 Ke8 
42.Rb8+ 1-0

[Event "ACL-A144"]
[Site "www.playchess.de"]
[Date "2001.04.21"]
[Round "7"]
[White "mepms"]
[Black "hercos"]
[WhiteElo "1500"]
[BlackElo "1900"]
[PlyCount "43"]
[Result "1-0"]

1.e4 c5 {hi, how are you ?}  2.Nf3 {hello , thxs 
and u??}  d6 {Hablas español ?}  3.d4 {Claro y tu 
?? o solo portugues ??}  cxd4 {No, aleman, 
español, frances y ingles}  4.Nxd4 {No hay 
problema de idioma entonces :)}  Nf6 {Lo que haces 
tu ?}  5.Nc3 {Estudio Ingenieria y tu ??}  a6 
{también. Ingenieria Electrica. Cuanto años tienes 
?}  6.Bg5 {23 , Ingenieria en Computación yo}  e6 
{En cual ciudad vives ?}  7.f4 {En Santiago , y tu 
??}  Be7 {En Uberlândia-MG, Brasil}  8.Qf3 Qc7 
9.O-O-O Nbd7 10.g4 b5 11.Bxf6 Nxf6 12.g5 Nd7 13.f5 
Nc5 14.f6 gxf6 15.gxf6 Bf8 16.Rg1 b4 17.Nd5 exd5 
18.exd5 Bh6+ 19.Kb1 {Novelty I think ??}  Nd7 
20.Nc6 Ne5 21.Nxe5 dxe5 22.d6 1-0

[Event "HCL-C287"]
[Site "www.playchess.de"]
[Date "2001.04.21"]
[Round "3"]
[White "Robs"]
[Black "sander"]
[WhiteElo "1000"]
[BlackElo "1016"]
[PlyCount "44"]
[Result "0-1"]

1.d4 {ho}  d6 2.Bf4 Nc6 3.c3 e6 4.Nd2 Nf6 5.Nh3 b5 
6.e3 Bb7 7.Ng5 Ng4 8.Nxf7 Qh4 9.Qb3 Kxf7 10.Qxb5 
{verdammt}  Rb8 11.Qf5+ exf5 {grob fahrlässig...}  
12.Bc4+ Ke8 13.g3 {*tzzztzzzz*}  Qf6 14.h3 Nh6 
15.d5 Ne5 16.Nb3 Nf3+ 17.Ke2 Ne5 18.Bb5+ Nd7 
19.Rad1 Qf7 20.Rd4 Be7 21.h4 Bxd5 22.Rhd1 
Rxb5 0-1

[Event "ACL-A147"]
[Site "www.playchess.de"]
[Date "2001.04.21"]
[Round "10"]
[White "DKCozy"]
[Black "Blackmar"]
[WhiteElo "1500"]
[BlackElo "1500"]
[PlyCount "30"]
[Result "0-1"]

1.f4 d5 2.Nf3 Nf6 3.e3 g6 4.b3 Bg7 5.Bb2 O-O 6.Be2 
c5 7.O-O Nc6 8.Qe1 Qb6 9.c4 d4 10.exd4 cxd4 11.Bd3 
Nh5 12.Qh4 Nb4 13.g4 Nxf4 14.Ng5 h6 15.Bxg6 
Qxg6 0-1

[Event "ACL-A158"]
[Site "www.playchess.de"]
[Date "2001.04.21"]
[Round "4"]
[White "fossa"]
[Black "bigworm_13"]
[WhiteElo "1500"]
[BlackElo "1500"]
[PlyCount "97"]
[Result "1-0"]

1.e3 e6 2.c4 Bb4 3.a3 Qf6 4.axb4 Nh6 5.Ne2 Ng4 
6.f3 Ne5 7.Nd4 Qh4+ 8.g3 Nd3+ 9.Bxd3 Qh3 10.Bf1 
Qh5 11.Ra5 Qg6 12.Nc3 h5 13.Ncb5 Qf6 14.Nxc7+ Kd8 
15.Nxa8 h4 16.g4 Nc6 17.Rh5 Rg8 18.Qa4 Nxd4 
19.exd4 Qxf3 20.Rg1 Qe4+ 21.Be2 Qxd4 22.Rf1 Qe4 
23.d3 Qg6 24.Qxa7 Ke7 25.Qc5+ d6 26.Qc7+ Bd7 
27.Nb6 Rd8 28.Qxb7 f5 29.Nxd7 Rxd7 30.Rg5 Qf7 
31.Qe4 Ra7 32.gxf5 e5 33.Rg6 Ra1 34.Qb7+ Kf8 
35.Qc8+ Qe8 36.Qxe8+ Kxe8 37.Kd1 Ra4 38.b5 h3 
39.Rxg7 d5 40.Bh5+ Kf8 41.Rf7+ Kg8 42.Rg1+ Kh8 
43.Rfg7 Ra8 44.c5 Rf8 45.Rf7 Rb8 46.Bg5 Rg8 
47.Bf6+ Rg7 48.Rfxg7 e4 49.Rf7+ 1-0

[Event "HCL-E053"]
[Site "www.playchess.de"]
[Date "2001.04.21"]
[Round "21"]
[White "Ryszard"]
[Black "Pupser"]
[WhiteElo "2000"]
[BlackElo "2161"]
[PlyCount "98"]
[Result "0-1"]

1.e4 e6 2.d4 d5 3.Nd2 Nf6 4.e5 Nfd7 5.Ngf3 c5 6.c3 
Nc6 7.Bb5 Qb6 8.Bxc6 bxc6 9.O-O Ba6 10.Re1 cxd4 
11.cxd4 c5 12.Nb3 c4 13.Nbd2 Be7 14.Nb1 O-O 15.Nc3 
Rab8 16.Na4 Qc6 17.Bd2 Rb7 18.Qc2 Rfb8 19.Rab1 h6 
20.h3 R7b5 21.b3 Qb7 22.Nc3 cxb3 23.axb3 Rxb3 
24.Rxb3 Qxb3 25.Qxb3 Rxb3 26.Ra1 Nb8 27.Na2 Kf8 
28.Nc1 Rb7 29.Ra5 Bc4 30.Ra1 Nc6 31.Bc3 a5 32.Nd2 
Bb4 33.Bxb4+ Rxb4 34.Nxc4 Rxc4 35.Ne2 a4 36.f4 
Nxd4 37.Nxd4 Rxd4 38.g3 Ke7 39.Kf2 Kd7 40.Ke3 Rc4 
41.Kd3 Kc6 42.Rb1 a3 43.Ra1 Ra4 44.Kc3 a2 45.Kb3 
Kb5 46.h4 h5 47.Kb2 Kb4 48.Rc1 a1Q+ {%}  49.Rxa1 
Rxa1 0-1

[Event "HCL-C292"]
[Site "www.playchess.de"]
[Date "2001.04.21"]
[Round "2"]
[White "gillrichard_old"]
[Black "fossa"]
[WhiteElo "1000"]
[BlackElo "951"]
[PlyCount "69"]
[Result "1-0"]

1.e4 e6 2.Nf3 c5 3.d4 Nc6 4.d5 Nb4 5.c3 Na6 6.dxe6 
fxe6 7.e5 d5 8.Bxa6 bxa6 9.c4 Bb7 10.Ng5 dxc4 
11.Qa4+ Ke7 12.Qxc4 Qd5 13.Qf4 Nh6 14.Rg1 Rd8 
15.Bd2 a5 16.Nf3 Ba6 17.Nc3 Qd3 18.Qh4+ Kd7 
19.O-O-O Nf5 20.Bg5 Nxh4 21.Bxh4 Kc7 22.Bxd8+ Kxd8 
23.Rxd3+ Bxd3 24.Rd1 c4 25.Ne1 Kc7 26.Nxd3 cxd3 
27.Rxd3 Bb4 28.a3 Bxc3 29.Rxc3+ Kb6 30.Kd2 Rd8+ 
31.Ke3 Rd5 32.f4 g5 33.g3 gxf4+ 34.gxf4 Rb5 
35.b3 1-0

[Event "HCL-C292"]
[Site "www.playchess.de"]
[Date "2001.04.21"]
[Round "7"]
[White "Averroes"]
[Black "fossa"]
[WhiteElo "1000"]
[BlackElo "951"]
[PlyCount "20"]
[Result "0-1"]

1.e4 {Salud}  e6 {Igualmente}  2.d4 c5 3.Nf3 Nc6 
4.Be2 Qa5+ 5.Bd2 Qb6 6.Be3 Qxb2 7.c3 Qxa1 8.Qc2 
cxd4 9.Bxd4 Nf6 10.O-O Nxd4 0-1

[Event "HCL-C291"]
[Site "www.playchess.de"]
[Date "2001.04.21"]
[Round "3"]
[White "fossa"]
[Black "ZenPuppie"]
[WhiteElo "951"]
[BlackElo "896"]
[PlyCount "56"]
[Result "0-1"]

1.e3 a6 2.c4 Nf6 3.Nc3 d6 4.Qa4+ Nbd7 5.Nf3 c6 
6.h3 e5 7.b4 Nb6 8.Qc2 Be6 9.Be2 Nxc4 10.Bxc4 Bxc4 
11.d3 Be6 12.O-O Qc7 13.a4 d5 14.Rd1 Bxb4 15.Bd2 
Rd8 16.d4 e4 17.Ne5 Bd6 18.Rab1 Nd7 19.Nxd7 Rxd7 
{fyi - away 4 the weekend}  20.Rb2 O-O 21.Rdb1 Rb8 
22.Ne2 Qd8 23.Bb4 Bxb4 24.R2xb4 Qg5 25.Nf4 Bf5 
26.g3 Qh6 27.Nh5 Bxh3 28.Nf4 Bg4 0-1

[Event "HCL-C294"]
[Site "www.playchess.de"]
[Date "2001.04.21"]
[Round "1"]
[White "Edik"]
[Black "Rengar"]
[WhiteElo "1253"]
[BlackElo "1153"]
[PlyCount "41"]
[Result "1-0"]

1.e4 e6 2.d4 d5 3.Nd2 Nf6 4.e5 Nfd7 5.Ngf3 c5 6.c3 
Nc6 7.Bd3 f5 8.exf6 Nxf6 9.O-O Bd6 10.dxc5 Bxc5 
11.Nb3 Bb6 12.Bg5 O-O 13.Qc2 h6 14.Bh4 e5 15.Bh7+ 
Kh8 16.Bg6 e4 17.Nfd4 Nxd4 18.cxd4 Qd7 19.f3 Qd6 
20.fxe4 Bc7 21.Bg3 1-0

[Event "HCL-B303"]
[Site "www.playchess.de"]
[Date "2001.04.21"]
[Round "5"]
[White "sboehnisch"]
[Black "shepherd"]
[WhiteElo "1198"]
[BlackElo "1408"]
[PlyCount "50"]
[Result "0-1"]

1.e4 {Viel Spaß und Grüße aus Düsseldorf.}  c5 
2.Bc4 Nc6 3.Nf3 g6 4.d3 Bg7 5.O-O e5 6.Ng5 Nh6 
7.Qf3 O-O 8.Nc3 d6 9.h3 Qe7 10.Nd5 Qd7 11.c3 Kh8 
12.Qg3 f5 13.f4 fxe4 14.Nxe4 Nf5 15.Qe1 b6 16.a4 
Bb7 17.b4 Nce7 18.fxe5 Nxd5 19.exd6 Nxd6 20.bxc5 
Nxc4 21.dxc4 Rxf1+ 22.Qxf1 Nxc3 23.Nxc3 Bxc3 
24.Ra2 Bd4+ 25.Kh1 Qxh3+ 0-1

[Event "HCL-C286"]
[Site "www.playchess.de"]
[Date "2001.04.21"]
[Round "4"]
[White "fossa"]
[Black "kldr"]
[WhiteElo "951"]
[BlackElo "1682"]
[PlyCount "40"]
[Result "0-1"]

1.e3 Nf6 {Hi. A good game and much fun. Klaus}  
2.c4 e5 3.Nc3 d5 4.Qa4+ Nc6 5.Qb3 Bc5 6.Nf3 h6 
7.cxd5 Nb4 8.Nxe5 O-O 9.Bc4 Qe8 10.f4 Bf5 11.d6 
Nc2+ {Happy Easter, Francisco! Klaus}  12.Kd1 Nxa1 
13.dxc7 Nxb3 14.Nb5 a6 15.Nc3 Nxc1 16.Kxc1 b5 
17.Be2 Rc8 18.g4 b4 19.gxf5 bxc3 {Where in 
Venezuela do you live, Francisco?}  20.bxc3 
{Caracas, and you?}  Qa4 {In Essen-that is in the 
Western part of Germany.}  0-1

[Event "HCL-A131"]
[Site "www.playchess.de"]
[Date "2001.04.21"]
[Round "16"]
[White "waz2000"]
[Black "Matti"]
[WhiteElo "1895"]
[BlackElo "1597"]
[PlyCount "53"]
[Result "1-0"]

1.e4 {Good Luck}  e6 {I wish you a good game!}  
2.d4 d5 3.Nc3 Bb4 4.e5 c5 5.a3 cxd4 6.axb4 dxc3 
7.Nf3 cxb2 8.Bxb2 Qb6 9.b5 Bd7 10.Bd4 Qc7 11.Qd2 
Ne7 12.Bd3 Ng6 13.b6 Qc8 14.bxa7 Nc6 15.Bxg6 
{Happy Easter}  hxg6 {For you too.}  16.Bb6 O-O 
17.O-O f6 18.exf6 gxf6 19.Bc5 Rf7 20.Qh6 Rg7 
21.Rfd1 Nd8 22.Bb6 Nf7 23.Qf4 f5 24.Bd4 Rh7 25.Bf6 
Qxc2 26.Rdc1 Qe4 27.Qb8+ 1-0

[Event "HCL-C294"]
[Site "www.playchess.de"]
[Date "2001.04.21"]
[Round "5"]
[White "Brazil"]
[Black "Rengar"]
[WhiteElo "1459"]
[BlackElo "1153"]
[PlyCount "39"]
[Result "1-0"]

1.d4 Nf6 2.c4 c5 3.Nf3 {hey Rengar ! here we are 
again !}  e6 {I believe we have played before. 
Several Month and 2 server crashes ago.}  4.Nc3 
Nc6 {ok, we only finshed our game 3 weeks ago. 
Tells you about memory, hehehe}  5.d5 {btw it was 
very interesting....}  Ne7 6.e4 exd5 7.exd5 d6 {I 
enojoyed the game as weel, HOpefully this one will 
be at least as interesting.}  8.Bd3 Bg4 9.O-O {i´m 
not sure i can repeat that again...hehehe}  g6 
10.Bd2 Bg7 11.Re1 O-O 12.Be2 Qd7 13.Bg5 Rfe8 
14.Bxf6 Bxf6 15.Ne5 Bxe2 16.Nxd7 Bxd1 17.Nxf6+ Kf8 
18.Nxe8 Rxe8 19.Raxd1 b6 20.Re2 1-0

[Event "HCL-C296"]
[Site "www.playchess.de"]
[Date "2001.04.21"]
[Round "5"]
[White "mdammann"]
[Black "Lukas"]
[WhiteElo "1238"]
[BlackElo "1024"]
[PlyCount "86"]
[Result "0-1"]

1.e4 c5 2.Na3 a6 3.d3 d6 4.Nf3 Nc6 5.Bg5 Nf6 6.Nc4 
b5 7.Ne3 e6 8.e5 Nxe5 9.d4 cxd4 10.Nxd4 Bb7 11.Qd2 
Rc8 12.Be2 Be7 13.Qb4 d5 14.Qd2 O-O 15.O-O Ne4 
16.Qc1 Bxg5 17.b3 Bxe3 18.Qxe3 Rc3 19.Qf4 Qf6 
20.Qxf6 Nxf6 21.Rae1 Nc6 22.Nxc6 Bxc6 23.Bd3 Rc8 
24.Re3 Bb7 25.Rfe1 d4 26.Rg3 a5 27.Re5 R3c5 
28.Reg5 Rxg5 29.Rxg5 Bd5 30.Re5 Nd7 31.Re2 b4 
32.c4 dxc3 33.h3 f6 34.f3 Ne5 35.Bb1 Nxf3+ 36.gxf3 
Bxf3 37.Rc2 Be4 38.Rc1 c2 39.Bxc2 Rxc2 40.Rxc2 
Bxc2 41.Kf2 Bxb3 42.axb3 a4 43.Ke2 
a3 0-1

[Event "ACL-A161"]
[Site "www.playchess.de"]
[Date "2001.04.21"]
[Round "9"]
[White "gypla"]
[Black "showgun"]
[WhiteElo "1500"]
[BlackElo "1099"]
[PlyCount "47"]
[Result "1-0"]

1.e4 d6 2.d4 c6 3.f4 Nf6 4.Nc3 d5 5.e5 Nfd7 6.Nf3 
e6 7.Be2 h6 8.Be3 Bb4 9.O-O b5 10.Bd3 O-O 11.Qe1 
f6 12.exf6 Nxf6 13.a3 Bd6 14.Ne5 Bxe5 15.fxe5 Ng4 
16.Rxf8+ Qxf8 17.Bd2 a6 18.Qg3 h5 19.Rf1 Qd8 20.h3 
Ra7 21.hxg4 h4 22.Qf2 Nd7 23.Qf7+ Kh8 
24.Qh5+ 1-0

[Event "ACL-A161"]
[Site "www.playchess.de"]
[Date "2001.04.21"]
[Round "18"]
[White "ADRIAN"]
[Black "showgun"]
[WhiteElo "2110"]
[BlackElo "1099"]
[PlyCount "47"]
[Result "1-0"]

1.e4 {HI, GOOD LUCK}  d6 2.d4 Nf6 3.Nc3 g6 4.Nf3 
Bg7 5.Bf4 c6 6.Be2 h6 7.O-O Nh7 8.Be3 O-O 9.Qd2 d5 
10.Bxh6 g5 11.Bxg7 Kxg7 12.Nxg5 Qd6 13.Nxh7 Rh8 
14.e5 Qg6 15.Bd3 Bf5 16.Bxf5 Qxf5 17.Ng5 Nd7 
18.Ne2 Qg6 19.e6 fxe6 20.Nf4 Qh6 21.Nfxe6+ Kg8 
22.Qf4 Rf8 23.Nxf8 Nxf8 24.Qf7+ 1-0

[Event "ACL-A161"]
[Site "www.playchess.de"]
[Date "2001.04.21"]
[Round "20"]
[White "ADRIAN"]
[Black "gypla"]
[WhiteElo "2110"]
[BlackElo "1500"]
[PlyCount "43"]
[Result "1-0"]

1.e4 e5 2.Nf3 Nc6 3.Bb5 a6 4.Bxc6 dxc6 5.Nc3 f6 
6.d3 Bd6 7.Be3 c5 8.Nd2 Qe7 9.O-O Be6 10.Qe2 O-O-O 
11.a3 g5 12.Nc4 Kb8 13.Nxd6 Qxd6 14.b4 cxb4 
15.axb4 c6 16.Rfb1 Ne7 17.Bc5 Qd7 18.Qf3 Rhf8 
19.Qe3 Rf7 20.Ba7+ Ka8 21.Bb6 Rc8 
22.Na4 1-0

[Event "ACL-A161"]
[Site "www.playchess.de"]
[Date "2001.04.21"]
[Round "21"]
[White "Zynaps"]
[Black "ADRIAN"]
[WhiteElo "1822"]
[BlackElo "2110"]
[PlyCount "64"]
[Result "1/2-1/2"]

1.e4 e5 2.Nf3 Nf6 3.d4 Nxe4 4.Bd3 d5 5.Nxe5 Nd7 
6.Nxd7 Bxd7 7.O-O Qh4 8.c4 O-O-O 9.c5 Re8 10.Nc3 
Nf6 11.Ne2 g5 12.f4 h6 13.b4 Bg7 14.b5 Bg4 15.c6 
Ne4 16.Qa4 Kb8 17.Qb4 b6 18.Rb1 Bxe2 19.Bxe2 Nc3 
20.Qxc3 Rxe2 21.Rb2 Re4 22.Be3 gxf4 23.Bf2 Qg4 
24.h3 Qg6 25.Qa3 a5 26.bxa6 Rg8 27.Rd1 Ka7 28.Qf3 
Qxc6 29.Qb3 Qc4 30.Rc2 Qxb3 31.Rxc7+ Kxa6 32.axb3 
Bh8 1/2-1/2

[Event "HCL-A139"]
[Site "www.playchess.de"]
[Date "2001.04.21"]
[Round "3"]
[White "Worf"]
[Black "mrchess"]
[WhiteElo "1667"]
[BlackElo "1574"]
[PlyCount "53"]
[Result "1-0"]

1.d4 {hello, good game!}  d5 {hi have a nice game} 
 2.Nf3 e6 3.c3 Nf6 4.Bf4 Be7 5.e3 O-O 6.Bd3 Nbd7 
7.Nbd2 Nh5 8.Bg3 Nxg3 9.hxg3 c5 10.Bxh7+ Kh8 
11.Ne5 Nf6 12.Bg6+ Kg8 13.Bxf7+ Rxf7 14.Rh8+ Kxh8 
15.Nxf7+ Kg8 16.Nxd8 Bxd8 17.Qe2 c4 18.O-O-O {It 
looks not so good for you!}  Bd7 {you are so 
right}  19.e4 a5 20.e5 Nh7 21.Rh1 Be8 22.Qg4 Bf7 
23.Qh3 Bg6 24.Qxe6+ Bf7 25.Qh3 Bg6 26.f4 Bd3 
27.Qe6+ 1-0

[Event "HCL-C298"]
[Site "www.playchess.de"]
[Date "2001.04.21"]
[Round "18"]
[White "chico"]
[Black "lily"]
[WhiteElo "1132"]
[BlackElo "1000"]
[PlyCount "49"]
[Result "1-0"]

1.e4 e5 2.Nf3 Nc6 3.Bc4 h6 4.Nc3 Nf6 5.d3 Bc5 6.h3 
O-O 7.g4 a6 8.g5 Nh5 9.gxh6 Qf6 10.Rg1 Nd4 11.Nxd4 
Bxd4 12.Qe2 Nf4 13.Rxg7+ Kh8 14.Bxf4 Qxf4 15.Qd2 
Qf6 16.Nd5 Qh4 17.O-O-O d6 18.Qg5 Qxg5+ 19.Rxg5 
Rg8 20.Rdg1 Bxh3 21.Nf6 Rxg5 22.Rxg5 Bxf2 23.Rg7 
Be3+ 24.Kb1 Bxh6 25.Rh7+ 1-0

[Event "HCL-C297"]
[Site "www.playchess.de"]
[Date "2001.04.21"]
[Round "14"]
[White "alexander"]
[Black "yesbee"]
[WhiteElo "712"]
[BlackElo "1000"]
[PlyCount "24"]
[Result "0-1"]

1.e4 e5 2.d4 exd4 3.Qxd4 Nc6 4.Qd1 Nf6 5.f3 Bc5 
6.Nh3 O-O 7.f4 Re8 8.e5 d6 9.Be2 Ne4 10.Bd3 Qh4+ 
11.Kf1 Bxh3 12.Bxe4 Qf2+ {#.}  0-1

[Event "HCL-B312"]
[Site "www.playchess.de"]
[Date "2001.04.21"]
[Round "28"]
[White "lonewolf"]
[Black "jensm"]
[WhiteElo "1683"]
[BlackElo "1500"]
[PlyCount "97"]
[Result "1/2-1/2"]

1.e4 {Hi,have a good game.}  c5 {thaks, you too}  
2.Nf3 Nc6 3.d4 cxd4 4.Nxd4 g6 5.Nxc6 bxc6 6.Qd4 
Nf6 7.e5 Nd5 8.Nc3 Qb6 9.Qxb6 Nxb6 10.Bf4 Bg7 
11.a4 f6 12.exf6 Bxf6 13.a5 Nd5 14.Nxd5 cxd5 
15.O-O-O e6 16.h4 a6 17.Bd6 Be7 18.Bxe7 Kxe7 {only 
move I can find!}  19.h5 {and the most 
appropriate.}  Bb7 20.hxg6 hxg6 21.Be2 e5 22.Rxh8 
Rxh8 23.Rd3 Rf8 {You make it more complicated then 
I like!}  24.Rf3 {Thats chess though,confuse your 
opponent.Sometimes I confuse myself. :-)}  Rxf3 {I 
also do very often:-)}  25.Bxf3 e4 26.Be2 d4 
27.Kd2 d5 28.b4 Kd6 29.b5 axb5 30.Bxb5 Kc5 31.Be2 
g5 {So few pieces so complicated :-)}  32.Kd1 
{Isn't that the truth.}  Kb4 33.a6 Bc8 34.g3 Ka5 
35.a7 Bb7 36.f4 exf3 37.Bxf3 Kb4 38.Bg4 Kc5 39.Ke2 
Kd6 40.Kf3 Ke5 41.Bc8 Bc6 42.Kg4 Kf6 43.Ba6 Ba8 
44.Kh5 Bc6 45.Bb5 Bb7 46.Bd7 Ba8 47.g4 Bb7 48.Kh6 
Ba8 49.Ba4 {Did you miss my offer for a draw,on my 
last move.In case you did I'll offer another one.} 
 1/2-1/2

[Event "HCL-B312"]
[Site "www.playchess.de"]
[Date "2001.04.21"]
[Round "36"]
[White "jensm"]
[Black "uiai"]
[WhiteElo "1500"]
[BlackElo "1339"]
[PlyCount "37"]
[Result "1-0"]

1.c4 Nf6 2.Nc3 g6 3.g3 Bg7 4.Bg2 c6 5.d4 d5 6.cxd5 
cxd5 7.Nf3 O-O 8.O-O Nc6 9.Ne5 Bf5 10.Nxc6 bxc6 
11.Na4 Rb8 12.Bf4 Rb4 13.b3 Ne4 14.Be3 e5 15.Bxe4 
Bxe4 16.dxe5 Bxe5 17.Rc1 d4 18.Bd2 Qd7 
19.Nc5 1-0

[Event "HCL-A148"]
[Site "www.playchess.de"]
[Date "2001.04.21"]
[Round "13"]
[White "LUCIANO"]
[Black "janus"]
[WhiteElo "1263"]
[BlackElo "1922"]
[PlyCount "56"]
[Result "0-1"]

1.d4 Nf6 2.c4 g6 3.Nf3 Bg7 4.e3 O-O 5.Be2 c5 6.O-O 
cxd4 7.Nxd4 d5 8.Nc3 dxc4 9.Bxc4 Qb6 10.Qb3 Qxb3 
11.Bxb3 Rd8 12.Rd1 Na6 13.h3 Nc5 14.Bc2 e5 15.Nf3 
Rxd1+ 16.Nxd1 e4 17.Nd2 b6 18.Nc4 Ba6 19.Nd2 Rc8 
20.Nc3 Bd3 21.Bd1 Rd8 22.Nb3 Nxb3 23.Bxb3 Nd7 
24.Bd2 Nc5 25.Bd1 Be2 26.Bxe2 Rxd2 27.Bc4 Rxb2 
28.Rc1 Nd3 0-1

[Event "HCL-A148"]
[Site "www.playchess.de"]
[Date "2001.04.21"]
[Round "19"]
[White "Whatever"]
[Black "Blitzmich"]
[WhiteElo "1584"]
[BlackElo "1841"]
[PlyCount "52"]
[Result "0-1"]

1.e4 {Have a good game.}  e5 {Thank you, and good 
luck!}  2.Nf3 Nc6 3.Bc4 Bc5 4.O-O Nf6 5.d4 Bxd4 
6.Nxd4 Nxd4 7.f4 d6 8.fxe5 dxe5 9.Bg5 Qe7 10.Bxf6 
gxf6 11.c3 Ne6 12.Bxe6 Bxe6 13.Qf3 O-O-O 14.Qxf6 
Qc5+ 15.Qf2 Qxf2+ 16.Kxf2 Rd3 17.a4 {Now I know 
what the german 'Unterentwicklung' really means - 
that is a powerful move.}  Rhd8 {I can only 
powerful moves ..(laugh) sorry fun!}  18.a5 {... 
and if I pretend nothing has happened?? :-)}  a6 
{:-)}  19.h3 Bb3 20.Ra3 {Now, this is ugly}  Bc2 
{I love horses ;-)}  21.c4 R3d4 {Take its easy! 
Its a game.}  22.Rc3 Bxe4 23.Re1 f5 24.b3 f4 25.b4 
h5 26.b5 h4 0-1

[Event "HCL-A143"]
[Site "www.playchess.de"]
[Date "2001.04.21"]
[Round "13"]
[White "Leoisthelion"]
[Black "One_i"]
[WhiteElo "1700"]
[BlackElo "1636"]
[PlyCount "51"]
[Result "1-0"]

1.Nf3 Nf6 {Good luck to you from New Brunswick!}  
2.Nc3 d5 3.d4 {You too!}  e6 4.Bg5 Nbd7 5.e4 h6 
6.Bh4 dxe4 7.Nxe4 Be7 8.Bd3 Nxe4 9.Bxe7 Qxe7 
10.Bxe4 O-O 11.O-O Nf6 12.Re1 Nxe4 13.Rxe4 c6 
14.c4 b6 15.Ne5 Bb7 16.Qh5 Rad8 17.Rg4 Qf6 18.Re1 
c5 19.dxc5 Rd2 20.f3 bxc5 21.b3 Rfd8 22.Rg3 Rc2 
23.Ng4 Qg6 24.Nxh6+ gxh6 25.Rxg6+ {Good game}  
fxg6 {For you,you big bully!:)}  
26.Qxg6+ 1-0

[Event "ACL-A171"]
[Site "www.playchess.de"]
[Date "2001.04.21"]
[Round "13"]
[White "Leoisthelion"]
[Black "rbverhoef"]
[WhiteElo "1500"]
[BlackElo "1500"]
[PlyCount "68"]
[Result "0-1"]

1.d4 {Good luck}  Nf6 2.c4 g6 3.Nc3 Bg7 4.Bf4 d5 
5.b3 dxc4 6.bxc4 Nh5 7.Bd2 Bxd4 8.e3 Bxc3 9.Bxc3 
O-O 10.Be2 Nf6 11.Nf3 Ne4 12.Bb2 b6 13.Bd3 Bb7 
14.O-O e6 15.Qc2 Nd6 16.Qc3 f6 17.Nd4 Qd7 18.Rac1 
c5 19.Nb3 Qc6 20.f3 e5 21.Rfd1 e4 22.Be2 Na6 
23.Nd2 Nb4 24.fxe4 Nxa2 25.Qb3 Nxe4 26.Nxe4 Nxc1 
27.Bxc1 Qxe4 28.Bf3 Qe7 29.Bd5+ Bxd5 30.cxd5 Rad8 
31.Bb2 Rd6 32.Re1 Qe4 33.Rd1 c4 34.Rd4 
Qxd4 0-1

[Event "HCL-B316"]
[Site "www.playchess.de"]
[Date "2001.04.21"]
[Round "6"]
[White "rbverhoef"]
[Black "Lycanth"]
[WhiteElo "1200"]
[BlackElo "1276"]
[PlyCount "79"]
[Result "1-0"]

1.d4 Nf6 2.c4 g6 3.Nc3 Bg7 4.e4 d6 5.f3 O-O 6.Be3 
e5 7.d5 Na6 8.Bd3 Nc5 9.Nge2 a6 10.Bc2 Ne8 11.b4 
Nd7 12.O-O c5 13.dxc6 bxc6 14.a3 Nb8 15.Qd3 f5 
16.Rad1 f4 17.Bf2 Qc7 18.Nd5 cxd5 19.Qxd5+ Kh8 
20.Qxa8 Nc6 21.Ba4 Bb7 22.Bxc6 Bxa8 23.Bxa8 Qxc4 
24.Rd2 Nf6 25.Rc1 Qe6 26.Bb7 g5 27.Rc6 Rd8 28.Bb6 
Rg8 29.Bxa6 g4 30.Bc4 Qe8 31.Rcxd6 Bf8 32.Rxf6 
{Move too fast???}  Be7 33.Bxg8 Bxf6 34.Bc4 gxf3 
35.gxf3 Be7 36.Bc7 Bh4 37.Nxf4 exf4 38.Rg2 Bg3 
39.hxg3 Qc6 40.Be5+ {good game} 
 1-0

[Event "ACL-A173"]
[Site "www.playchess.de"]
[Date "2001.04.21"]
[Round "1"]
[White "Qaurial"]
[Black "myosotis1984"]
[WhiteElo "1856"]
[BlackElo "1500"]
[PlyCount "61"]
[Result "1-0"]

1.d4 Nf6 2.c4 c5 3.d5 b5 4.cxb5 a6 5.Nc3 e6 6.e4 
Bb7 7.Bg5 Be7 8.d6 Bf8 9.e5 h6 10.Be3 Nd5 11.Nxd5 
Bxd5 12.Bxc5 axb5 13.Ne2 Qa5+ 14.b4 Qa3 15.Qc1 
Qxc1+ 16.Nxc1 Bc6 17.Nb3 Na6 18.Nd4 Rb8 19.Nxc6 
dxc6 20.a4 Nxc5 21.bxc5 bxa4 22.Rxa4 g5 23.h4 Bg7 
24.hxg5 hxg5 25.Rxh8+ Bxh8 26.Ra6 Kd7 27.Ra7+ Ke8 
28.Be2 Rb4 29.Bf3 Bxe5 30.Bxc6+ Kf8 
31.Ra8+ 1-0

[Event "HCL-A146"]
[Site "www.playchess.de"]
[Date "2001.04.21"]
[Round "32"]
[White "LUPES"]
[Black "One_i"]
[WhiteElo "1818"]
[BlackElo "1643"]
[PlyCount "75"]
[Result "1-0"]

1.e4 d5 {Good luck to you from Canada!}  2.exd5 
{Thx-Good Luck!(Germany)}  Nf6 3.Bb5+ Bd7 4.Bc4 
Bg4 5.f3 Bc8 6.Nc3 Nbd7 7.d3 Nb6 8.Bf4 Nbxd5 
9.Nxd5 Nxd5 10.Bxd5 Qxd5 11.Bxc7 Bd7 12.Ne2 e5 
13.d4 exd4 14.Qxd4 Qxd4 15.Nxd4 Bb4+ 16.c3 Bc5 
17.O-O-O O-O 18.Rhe1 Rac8 19.Nb3 Bf2 20.Re7 Rxc7 
21.Rdxd7 Rxd7 22.Rxd7 b6 23.Rxa7 Bg1 24.h3 h5 
25.Nd4 g5 26.Rb7 f5 27.Rxb6 Rc8 28.Rd6 Bxd4 
29.Rxd4 Kg7 30.Rd6 Rc7 31.a4 h4 32.a5 
{Draw??-why.......}  g4 {I thought you might be on 
medication and agree to a draw!:)}  33.fxg4 fxg4 
34.hxg4 Rf7 35.a6 Rf1+ 36.Kc2 Ra1 37.b4 Ra2+ 
38.Kb3 1-0